Normal view
MARC view
Entry Topical Term
001 - CONTROL NUMBER
- control field: 83349
003 - CONTROL NUMBER IDENTIFIER
- control field: OSt
005 - DATE AND TIME OF LATEST TRANSACTION
- control field: 20250928131227.0
008 - FIXED-LENGTH DATA ELEMENTS
- fixed length control field: 250928|| aca||aabn | a|a d
040 ## - CATALOGING SOURCE
- Original cataloging agency: OSt
- Transcribing agency: OSt
150 ## - HEADING--TOPICAL TERM
- Topical term or geographic name entry element: शिवपुराण
670 ## - SOURCE DATA FOUND
- Source citation: Work cat.: (OSt)68216: गीताप्रेस 83348, श्री शिव महापुराण द्वितीय -खंड -उत्तरार्ध , 2025









